000 00300nam a22001097a 4500
008 170120b xxu||||| |||| 00| 0 eng d
020 _a9780838555941
041 _aeng
080 _23RD
_a618.2
245 _aLABORATORY TESTS AD DIAGNOSTIC PROCEDURES WITH NUSING DIAGNOSIS
_cCORBETT. J.
942 _2udc
_cBK
999 _c3309
_d3309